000
00277nam a22001217a 4500
003
SGT
082
_a
746.92
_b
BMS
100
_a
BM, SALES
245
_a
ELEGANCE: EXQUISITE COLLECTION OF INDIAN ETHIC DESIGN
260
_b
B.M. SALES COP.
_c
2016
300
_a
265
942
_2
ddc
_c
BK
999
_c
13527
_d
13527